Online
Catalog

Pan de color y barro : (Record no. 2737)

MARC details
000 -CABECERA
campo de control de longitud fija 00813cam a2200205 a 4500
001 - NÚMERO DE CONTROL
campo de control 000002903
005 - FECHA Y HORA DE LA ÚLTIMA TRANSACCIÓN
campo de control 20200929150259.0
008 - DATOS DE LONGITUD FIJA--INFORMACIÓN GENERAL
campo de control de longitud fija 770623s1975 ve 001 p spa
010 ## - NÚMERO DE CONTROL DE LA BIBLIOTECA DEL CONGRESO
Número de control de LC 77464999
040 ## - FUENTE DE LA CATALOGACIÓN
Centro catalogador/agencia de origen DO-SdBNP
Lengua de catalogación spa
Centro/agencia transcriptor BNPHU
082 ## - NÚMERO DE LA CLASIFICACIÓN DECIMAL DEWEY
Número de clasificación V861.42
Número de documento/Ítem C822p
100 1# - ENTRADA PRINCIPAL--NOMBRE DE PERSONA
Nombre de persona Coronil Hartmann, Alfredo
Fechas asociadas al nombre 1943-
9 (RLIN) 9223
245 10 - MENCIÓN DE TÍTULO
Título Pan de color y barro :
Resto del título poemas /
Mención de responsabilidad, etc. Alfredo Coronil Hartmann ; prólogo de Arturo Uslar Pietri.
260 ## - PUBLICACIÓN, DISTRIBUCIÓN, ETC.
Lugar de publicación, distribución, etc. Caracas :
Nombre del editor, distribuidor, etc. Monte Avila,
Fecha de publicación, distribución, etc. 1975.
300 ## - DESCRIPCIÓN FÍSICA
Extensión 96, [3] p. ;
Dimensiones 20 cm.
500 ## - NOTA GENERAL
Nota general Varios de estos poemas fueron publicados en 1973, en rumano, con otras selecciones de la obra del autor de la poesía, bajo el título: Discurs impotriva umbrei.
650 #4 - PUNTO DE ACCESO ADICIONAL DE MATERIA--TÉRMINO DE MATERIA
Término de materia o nombre geográfico como elemento de entrada Poesía venezolana
9 (RLIN) 4230
650 #4 - PUNTO DE ACCESO ADICIONAL DE MATERIA--TÉRMINO DE MATERIA
Término de materia o nombre geográfico como elemento de entrada Literatura venezolana
9 (RLIN) 3816
700 1# - PUNTO DE ACCESO ADICIONAL--NOMBRE DE PERSONA
Nombre de persona Uslar Pietri, Arturo
Término indicativo de función/relación pról.
9 (RLIN) 9224
Holdings
Estado de retiro Estado de pérdida Restricciones de uso No para préstamo Código de colección Localización permanente Ubicación/localización actual Ubicación en estantería Fecha de adquisición Número de inventario Total de préstamos Signatura topográfica completa Código de barras Fecha visto por última vez Precio válido a partir de Tipo de ítem Koha
    Préstamo interno   Monografías: Libros y Folletos General General En catalogación 04.07.2009 LF1   V861.42 C822p 2903-10 25.06.2020 25.06.2020 Préstamo interno

Powered by Koha